| 000 | 00579aam a2200217 4500 | ||
|---|---|---|---|
| 005 | 20250624180518.0 | ||
| 008 | 150407b2000 xxu||||| |||| 00| 0 spa d | ||
| 041 | _aESP | ||
| 082 | _a005.54 C728c | ||
| 100 | _aDinwiddie, Robert | ||
| 245 | _aCómo crear hojas de cálculo | ||
| 260 |
_bGrijalbo _c2000 _aEspaña |
||
| 300 | _a72 páginas | ||
| 490 | _aDirección y Administración de Empresa | ||
| 490 | _aSecretariado Ejecutivo | ||
| 490 | _aTecnologías de la Información | ||
| 650 | _aHOJAS DE CALCULO | ||
| 650 | _aEXCEL | ||
| 650 | _aFORMULAS | ||
| 942 |
_cBK _2ddc |
||
| 999 |
_c4229 _d4229 |
||